MARC details
| 000 -LEADER |
| fixed length control field |
01426cam a2200361 a 4500 |
| 001 - CONTROL NUMBER |
| control field |
14707027 |
| 003 - CONTROL NUMBER IDENTIFIER |
| control field |
OSt |
| 005 - DATE AND TIME OF LATEST TRANSACTION |
| control field |
20250203102620.0 |
| 008 - FIXED-LENGTH DATA ELEMENTS--GENERAL INFORMATION |
| fixed length control field |
070123s2006 ke a b 101 0 eng |
| 010 ## - LIBRARY OF CONGRESS CONTROL NUMBER |
| LC control number |
2006317391 |
| 020 ## - INTERNATIONAL STANDARD BOOK NUMBER |
| International Standard Book Number |
9966977279 |
| 040 ## - CATALOGING SOURCE |
| Original cataloging agency |
DLC |
| Transcribing agency |
DLC |
| Modifying agency |
DLC |
| 042 ## - AUTHENTICATION CODE |
| Authentication code |
lcode |
| 043 ## - GEOGRAPHIC AREA CODE |
| Geographic area code |
f------ |
| 050 00 - LIBRARY OF CONGRESS CALL NUMBER |
| Classification number |
JZ6009.A35 |
| Item number |
C66 2006 |
| 082 ## - DEWEY DECIMAL CLASSIFICATION NUMBER |
| Classification number |
973.931 |
| 111 2# - MAIN ENTRY--MEETING NAME |
| Meeting name or jurisdiction name as entry element |
Conference on Rethinking Global Security from an African Perspective |
| Date of meeting |
(2006 : |
| Location of meeting |
Nairobi, Kenya) |
| 245 10 - TITLE STATEMENT |
| Title |
Rethinking global security : |
| Remainder of title |
an African perspective? / |
| Statement of responsibility, etc. |
[edited by Makumi Mwagiru and Okello Oculli]. |
| 260 ## - PUBLICATION, DISTRIBUTION, ETC. (IMPRINT) |
| Place of publication, distribution, etc. |
Nairobi : |
| Name of publisher, distributor, etc. |
Heinrich Böll Foundation, Regional Office, East and Horn of Africa, |
| Date of publication, distribution, etc. |
2006. |
| 300 ## - PHYSICAL DESCRIPTION |
| Extent |
viii, 293 p. : |
| Other physical details |
ill. ; |
| Dimensions |
25 cm. |
| 504 ## - BIBLIOGRAPHY, ETC. NOTE |
| Bibliography, etc |
Includes bibliographical references (p. 274-280) and index. |
| 650 #0 - SUBJECT ADDED ENTRY--TOPICAL TERM |
| Topical term or geographic name as entry element |
Security, International |
| Geographic subdivision |
Africa |
| Form subdivision |
Congresses. |
| 650 #0 - SUBJECT ADDED ENTRY--TOPICAL TERM |
| Topical term or geographic name as entry element |
Peace-building |
| Geographic subdivision |
Africa |
| Form subdivision |
Congresses. |
| 651 #0 - SUBJECT ADDED ENTRY--GEOGRAPHIC NAME |
| Geographic name |
Africa |
| General subdivision |
Politics and government |
| Chronological subdivision |
1960- |
| Form subdivision |
Congresses. |
| 651 #0 - SUBJECT ADDED ENTRY--GEOGRAPHIC NAME |
| Geographic name |
Africa |
| General subdivision |
Foreign relations |
| Chronological subdivision |
1960- |
| Form subdivision |
Congresses. |
| 700 1# - ADDED ENTRY--PERSONAL NAME |
| Personal name |
Mwagiru, Makũmi. |
| 700 1# - ADDED ENTRY--PERSONAL NAME |
| Personal name |
Oculi, Okello, |
| Dates associated with a name |
1942- |
| 710 2# - ADDED ENTRY--CORPORATE NAME |
| Corporate name or jurisdiction name as entry element |
Heinrich Böll Foundation (Nairobi, Kenya) |
| 856 41 - ELECTRONIC LOCATION AND ACCESS |
| Materials specified |
Table of contents only |
| Uniform Resource Identifier |
<a href="http://www.loc.gov/catdir/toc/fy0707/2006317391.html">http://www.loc.gov/catdir/toc/fy0707/2006317391.html</a> |
| 906 ## - LOCAL DATA ELEMENT F, LDF (RLIN) |
| a |
7 |
| b |
cbc |
| c |
origode |
| d |
3 |
| e |
ncip |
| f |
20 |
| g |
y-gencatlg |
| 942 ## - ADDED ENTRY ELEMENTS (KOHA) |
| Source of classification or shelving scheme |
Dewey Decimal Classification |
| Koha item type |
Books |